[Event "SVK-chT3B2 2223"]
[Site "Slovakia"]
[Date "2022.12.18"]
[Round "4.8"]
[White "Sofer, Jozef"]
[Black "Mendel, Frantisek"]
[Result "1-0"]
[WhiteElo "1583"]
[BlackElo "1534"]
[PlyCount "45"]
[EventDate "2022.10.23"]
[EventType "team-tourn"]
[EventRounds "11"]
[EventCountry "SVK"]
[SourceTitle "EXT 2024"]
[Source "ChessBase"]
[SourceDate "2023.10.10"]
[SourceVersion "1"]
[SourceVersionDate "2023.10.10"]
[SourceQuality "1"]
[WhiteTeam "Trencin PK"]
[BlackTeam "Lehota pod Vtacnikom"]
[WhiteTeamCountry "SVK"]
[BlackTeamCountry "SVK"]

1. d4 d5 2. c4 c6 3. Nc3 Nf6 4. cxd5 cxd5 5. Nf3 Nc6 6. g3 e6 7. Bg2 Be7 8. 0-0 0-0 9. a3 b6 10. Re1 h6 11. b4 a6 12. Bb2 b5 13. Rc1 Bd7 14. Ne5 Nxe5 15. dxe5 Nh7 16. e4 dxe4 17. Nxe4 Rc8 18. Nc5 Bxc5 19. Rxc5 Qe7 20. Qd6 Qxd6 21. exd6 Rfd8 22. Bb7 Rb8 23. Rc7 1-0

[Event "SVK-chT3B2 1920"]
[Site "Slovakia"]
[Date "2020.06.21"]
[Round "10.5"]
[White "Mendel, Frantisek"]
[Black "Bezak, Radovan"]
[Result "1-0"]
[WhiteElo "1532"]
[BlackElo "1628"]
[PlyCount "85"]
[EventDate "2019.10.06"]
[EventType "team-tourn"]
[EventRounds "11"]
[EventCountry "SVK"]
[SourceTitle "EXT 2022"]
[Source "ChessBase"]
[SourceDate "2021.10.06"]
[SourceVersion "1"]
[SourceVersionDate "2021.10.06"]
[SourceQuality "1"]
[WhiteTeam "Lehota pod Vtacnikom"]
[BlackTeam "Chynorany"]
[WhiteTeamCountry "SVK"]
[BlackTeamCountry "SVK"]

1. e4 e5 2. Nf3 d6 3. Bc4 Be7 4. d3 Nf6 5. h3 0-0 6. 0-0 a6 7. Nh2 b5 8. Bb3 Nc6 9. a3 Nd4 10. Ba2 Be6 11. c3 Bxa2 12. Rxa2 Ne6 13. Be3 c5 14. Nd2 d5 15. f3 d4 16. cxd4 cxd4 17. Bf2 Nh5 18. g3 Nf6 19. Ra1 Nc5 20. Nb3 Nfd7 21. Nxc5 Nxc5 22. b4 Ne6 23. Qb3 Qd6 24. Rfc1 Rfc8 25. Be1 h5 26. Bd2 h4 27. Nf1 hxg3 28. Nxg3 g6 29. Kg2 Kg7 30. Rxc8 Rxc8 31. Rc1 Rh8 32. Qd5 Rd8 33. Qxd6 Rxd6 34. Nh1 Ng5 35. f4 exf4 36. Bxf4 Re6 37. Nf2 Nh7 38. Ng4 Bf6 39. Bh6+ Kg8 40. Rc8+ Nf8 41. Rxf8+ Kh7 42. Rxf7+ Kg8 43. Rxf6 1-0

[Event "SVK-chT2B 1718"]
[Site "Slovakia"]
[Date "2018.03.18"]
[Round "11.7"]
[White "Kuna, Martin"]
[Black "Mendel, Frantisek"]
[Result "1-0"]
[WhiteElo "1872"]
[BlackElo "1577"]
[PlyCount "53"]
[EventDate "2017.10.28"]
[EventType "team-tourn"]
[EventRounds "11"]
[EventCountry "SVK"]
[SourceTitle "EXT 2020"]
[Source "ChessBase"]
[SourceDate "2019.10.17"]
[SourceVersion "1"]
[SourceVersionDate "2019.10.17"]
[SourceQuality "1"]
[WhiteTeam "Tlmace"]
[BlackTeam "Lehota pod Vtacnikom"]
[WhiteTeamCountry "SVK"]
[BlackTeamCountry "SVK"]

1. d4 d5 2. Nc3 Nf6 3. Bf4 a6 4. e3 e6 5. Bd3 Nc6 6. a3 b5 7. Nf3 Bd6 8. Ne5 Bb7 9. 0-0 0-0 10. Qf3 Ne8 11. Ne2 f5 12. g4 g5 13. Bg3 fxg4 14. Qxg4 Ng7 15. f4 Be7 16. fxg5 Bxg5 17. Bf4 Bxf4 18. Nxf4 Nxe5 19. dxe5 Qd7 20. Nh5 Kh8 21. Nf6 Rxf6 22. exf6 Nf5 23. Qh3 Rg8+ 24. Kf2 d4 25. e4 Ne3 26. Rg1 Rxg1 27. Kxg1 1-0

[Event "SVK-chT2B 1718"]
[Site "Slovakia"]
[Date "2018.01.13"]
[Round "5.6"]
[White "Reisel, Frantisek"]
[Black "Mendel, Frantisek"]
[Result "1/2-1/2"]
[WhiteElo "1979"]
[BlackElo "1574"]
[PlyCount "123"]
[EventDate "2017.10.28"]
[EventType "team-tourn"]
[EventRounds "11"]
[EventCountry "SVK"]
[SourceTitle "EXT 2019"]
[Source "ChessBase"]
[SourceDate "2018.10.10"]
[SourceVersion "1"]
[SourceVersionDate "2018.10.10"]
[SourceQuality "1"]
[WhiteTeam "Prievidza"]
[BlackTeam "Lehota pod Vtacnikom"]
[WhiteTeamCountry "SVK"]
[BlackTeamCountry "SVK"]

1. d4 d5 2. Nf3 Nf6 3. c4 c6 4. Nc3 h6 5. e3 Nbd7 6. a3 e6 7. Qc2 Bd6 8. b4 0-0 9. Bb2 Re8 10. Be2 dxc4 11. Bxc4 Nb6 12. Ba2 Nbd7 13. 0-0 Qc7 14. Rac1 Qb8 15. e4 e5 16. d5 cxd5 17. Nxd5 Nxd5 18. Bxd5 Nf6 19. Bc4 b6 20. Nd2 Be6 21. f3 Rc8 22. Qb3 Bxc4 23. Nxc4 Re8 24. Rfd1 Bc7 25. Ne3 b5 26. Nd5 Bb6+ 27. Kf1 Nxd5 28. Rxd5 a6 29. Rd7 Rf8 30. Qd5 Ra7 31. Rxa7 Bxa7 32. Qxe5 Qxe5 33. Bxe5 Re8 34. Bb2 Bb6 35. Rc6 Re6 36. Rxe6 fxe6 37. Ke2 Kf7 38. Kd3 g6 39. f4 h5 40. h3 Ke7 41. g4 hxg4 42. hxg4 Kf7 43. f5 gxf5 44. exf5 Bd8 45. Ke4 Bg5 46. Kf3 Ke7 47. Ke4 Kf7 48. Kd3 Ke7 49. Kc2 exf5 50. gxf5 Kd6 51. Kd3 Kd5 52. f6 Ke6 53. Ke4 Bd2 54. f7 Kxf7 55. Kd5 a5 56. bxa5 Bxa5 57. Kc5 b4 58. a4 b3 59. Kc4 Ke6 60. Kxb3 Kd5 61. Ba3 Kc6 62. Kc4 1/2-1/2

[Event "SVK-chT2B 1718"]
[Site "Slovakia"]
[Date "2017.10.28"]
[Round "1.7"]
[White "Mendel, Frantisek"]
[Black "Mrazik, Vladislav"]
[Result "0-1"]
[WhiteElo "1574"]
[BlackElo "1837"]
[PlyCount "56"]
[EventDate "2017.10.28"]
[EventType "team-tourn"]
[EventRounds "11"]
[EventCountry "SVK"]
[SourceTitle "CBM 181 Extra"]
[Source "ChessBase"]
[SourceDate "2017.12.12"]
[SourceVersion "1"]
[SourceVersionDate "2017.12.12"]
[SourceQuality "1"]
[WhiteTeam "Lehota pod Vtacnikom"]
[BlackTeam "Trencin"]
[WhiteTeamCountry "SVK"]
[BlackTeamCountry "SVK"]

1. e4 Nf6 2. Nc3 d5 3. e5 Nfd7 4. Nf3 e6 5. d4 a6 6. Bd3 c5 7. dxc5 Nc6 8. Bf4 Qc7 9. Qe2 Nxc5 10. 0-0 Nxd3 11. Qxd3 Be7 12. Rfe1 0-0 13. a3 b5 14. Ne2 Bb7 15. c3 Na5 16. Ned4 Rac8 17. h4 Qc4 18. Qxc4 dxc4 19. Rad1 h6 20. g3 Rfd8 21. Nd2 Bc5 22. Ne4 Bxe4 23. Rxe4 Nb3 24. Be3 Rd5 25. f4 Rcd8 26. Kf2 Bb6 27. f5 Nc5 28. Rf4 Nd3+ 0-1

[Event "SVK-chT3B2 1516"]
[Site "Slovakia"]
[Date "2016.04.03"]
[Round "11.5"]
[White "Mego, Peter"]
[Black "Mendel, Frantisek"]
[Result "1/2-1/2"]
[WhiteElo "1739"]
[BlackElo "1564"]
[PlyCount "46"]
[EventDate "2015.10.11"]
[EventType "team-tourn"]
[EventRounds "11"]
[EventCountry "SVK"]
[SourceTitle "EXT 2018"]
[Source "ChessBase"]
[SourceDate "2017.10.13"]
[SourceVersion "1"]
[SourceVersionDate "2017.10.13"]
[SourceQuality "1"]
[WhiteTeam "Povazske Podhradie"]
[BlackTeam "Lehota pod Vtacnikom"]
[WhiteTeamCountry "SVK"]
[BlackTeamCountry "SVK"]

1. d4 d5 2. Nf3 Nf6 3. g3 c6 4. Bg2 e6 5. c3 h6 6. Nbd2 Bd6 7. 0-0 0-0 8. Re1 Ne4 9. Nb3 f5 10. Ne5 Nd7 11. Bf4 Bxe5 12. Bxe5 Nxe5 13. dxe5 Qb6 14. Qd4 Qxd4 15. cxd4 Ng5 16. h4 Nf7 17. Rac1 Nd8 18. e3 b6 19. Bf1 a5 20. a3 a4 21. Nd2 Bd7 22. Nb1 Nb7 23. Be2 Na5 1/2-1/2

[Event "SVK-chT3B2 1516"]
[Site "Slovakia"]
[Date "2016.03.20"]
[Round "10.5"]
[White "Mendel, Frantisek"]
[Black "Tomko, Michal"]
[Result "0-1"]
[WhiteElo "1554"]
[BlackElo "1629"]
[PlyCount "108"]
[EventDate "2015.10.11"]
[EventType "team-tourn"]
[EventRounds "11"]
[EventCountry "SVK"]
[SourceTitle "EXT 2017"]
[Source "ChessBase"]
[SourceDate "2016.10.25"]
[SourceVersion "1"]
[SourceVersionDate "2016.10.25"]
[SourceQuality "1"]
[WhiteTeam "Lehota pod Vtacnikom"]
[BlackTeam "Dubnica nad Vahom III"]
[WhiteTeamCountry "SVK"]
[BlackTeamCountry "SVK"]

1. e4 e6 2. Nf3 d5 3. exd5 exd5 4. d4 Bg4 5. h3 Bh5 6. Be3 Nf6 7. Bd3 Bd6 8. Nc3 0-0 9. g4 Bg6 10. g5 Ne4 11. Nxd5 c6 12. Nc3 Nxc3 13. bxc3 Bh5 14. Be2 Re8 15. Qd2 Qe7 16. 0-0-0 Ba3+ 17. Kb1 Qc7 18. Ka1 Nd7 19. Rb1 a6 20. Ne1 Bxe2 21. Qxe2 c5 22. Rb3 cxd4 23. cxd4 Bd6 24. Nd3 Re7 25. Qd2 Rae8 26. Nb4 Bxb4 27. Rxb4 b5 28. Rb3 Nb6 29. Qd1 Qc6 30. Rg1 Rc8 31. Kb1 Na4 32. Qd2 Rec7 33. Rc1 Nc3+ 34. Kb2 Qc4 35. Qd3 Na4+ 36. Kb1 Qxd3 37. Rxd3 Nc3+ 38. Kb2 Ne2 39. c3 Nxc1 40. Bxc1 b4 41. Bf4 bxc3+ 42. Kc2 Rd7 43. Rxc3 Rxc3+ 44. Kxc3 f6 45. h4 Kf7 46. Kc4 Ke6 47. gxf6 gxf6 48. a4 Rd5 49. Bg3 Rf5 50. f3 Rxf3 51. d5+ Kd7 52. Be1 Rf4+ 53. Kb3 Re4 54. Bf2 Kd6 0-1

[Event "SVK-chT3B2 1516"]
[Site "Slovakia"]
[Date "2016.02.21"]
[Round "8.4"]
[White "Krisko, Milan"]
[Black "Mendel, Frantisek"]
[Result "1-0"]
[WhiteElo "1812"]
[BlackElo "1554"]
[PlyCount "53"]
[EventDate "2015.10.11"]
[EventType "team-tourn"]
[EventRounds "11"]
[EventCountry "SVK"]
[SourceTitle "EXT 2017"]
[Source "ChessBase"]
[SourceDate "2016.10.25"]
[SourceVersion "1"]
[SourceVersionDate "2016.10.25"]
[SourceQuality "1"]
[WhiteTeam "Handlova"]
[BlackTeam "Lehota pod Vtacnikom"]
[WhiteTeamCountry "SVK"]
[BlackTeamCountry "SVK"]

1. e4 e5 2. Nf3 Nc6 3. Bb5 a6 4. Ba4 Be7 5. c3 b5 6. Bc2 d5 7. d4 exd4 8. Nxd4 Na5 9. 0-0 c5 10. Nf3 dxe4 11. Qxd8+ Bxd8 12. Bxe4 Ra7 13. Be3 Re7 14. Nbd2 c4 15. Bc5 Rc7 16. Bd6 Ra7 17. Bb4 Ne7 18. Nd4 0-0 19. Rae1 Re8 20. N2f3 Bb6 21. Bc6 Bd7 22. Bxd7 Rxd7 23. Re2 f6 24. Rfe1 Kf7 25. Nf5 Nxf5 26. Rxe8 Bd8 27. Rxd8 1-0

[Event "SVK-chT3B2 1516"]
[Site "Slovakia"]
[Date "2015.11.15"]
[Round "2.5"]
[White "Mikus, Peter"]
[Black "Mendel, Frantisek"]
[Result "1-0"]
[WhiteElo "1769"]
[BlackElo "1554"]
[PlyCount "159"]
[EventDate "2015.10.11"]
[EventType "team-tourn"]
[EventRounds "11"]
[EventCountry "SVK"]
[SourceTitle "CBM 170 Extra"]
[Source "ChessBase"]
[SourceDate "2016.02.25"]
[SourceVersion "1"]
[SourceVersionDate "2016.02.25"]
[SourceQuality "1"]
[WhiteTeam "Nemsova Horne Srnie"]
[BlackTeam "Lehota pod Vtacnikom"]
[WhiteTeamCountry "SVK"]
[BlackTeamCountry "SVK"]

1. e4 e5 2. Nf3 Nc6 3. Bb5 a6 4. Ba4 b5 5. Bb3 d6 6. 0-0 Nf6 7. Re1 h6 8. c3 Na5 9. Bc2 c5 10. d4 Qc7 11. h3 Be7 12. d5 0-0 13. Nbd2 Nh7 14. Nf1 Bd7 15. Ng3 c4 16. Nf5 Bf6 17. N3h4 Bxh4 18. Nxh4 Qd8 19. Nf5 Bxf5 20. exf5 f6 21. Qg4 Kh8 22. Re3 Rg8 23. Rg3 Nb7 24. Be3 Qe7 25. Bd1 a5 26. Qh4 Nd8 27. Bh5 Nf7 28. Bg6 Nfg5 29. Qg4 Nf8 30. h4 Ngh7 31. Qh3 Nxg6 32. fxg6 Qe8 33. Qg4 Nf8 34. h5 Qd7 35. Qe2 f5 36. Bd2 f4 37. Rf3 Qf5 38. Rh3 Nd7 39. Re1 Nf6 40. Qf3 Qg4 41. Qd1 Qxd1 42. Rxd1 Ne4 43. Rh4 Rgf8 44. g3 Nxd2 45. Rxd2 b4 46. gxf4 Rae8 47. fxe5 bxc3 48. bxc3 Rxe5 49. Rxc4 Rxh5 50. Rc6 Rg5+ 51. Kf1 Rxg6 52. Ra6 Rc8 53. Rc6 Rb8 54. c4 Rb1+ 55. Ke2 Rf6 56. c5 dxc5 57. Rxc5 a4 58. Rc4 a3 59. Ra4 Rb2 60. Rxa3 Rxd2+ 61. Kxd2 Rxf2+ 62. Ke3 Rf6 63. Rd3 Rd6 64. Ke4 Kg8 65. Ke5 Rd8 66. Ke6 Kf8 67. Rf3+ Ke8 68. d6 g5 69. Rh3 Kf8 70. Rxh6 Kg7 71. Rh2 Re8+ 72. Kd7 Rf8 73. Kc7 Ra8 74. d7 Ra7+ 75. Kd8 Kf6 76. Re2 Ra8+ 77. Kc7 Ra7+ 78. Kc6 Ra6+ 79. Kb7 Rd6 80. Kc7 1-0

[Event "SVK-chT3B2 1314"]
[Site "Slovakia"]
[Date "2014.03.09"]
[Round "9.1"]
[White "Krisko, Milan"]
[Black "Mendel, Frantisek"]
[Result "1-0"]
[WhiteElo "1849"]
[BlackElo "1673"]
[PlyCount "67"]
[EventDate "2013.10.13"]
[EventType "team-tourn"]
[EventRounds "14"]
[EventCountry "SVK"]
[SourceTitle "EXT 2015"]
[Source "ChessBase"]
[SourceDate "2014.11.20"]
[SourceVersion "1"]
[SourceVersionDate "2014.11.20"]
[SourceQuality "1"]
[WhiteTeam "Handlova"]
[BlackTeam "Lehota pod Vtacnikom"]
[WhiteTeamCountry "SVK"]
[BlackTeamCountry "SVK"]

1. e4 e5 2. Nf3 Nc6 3. Bb5 a6 4. Ba4 Be7 5. 0-0 Nf6 6. Re1 b5 7. Bb3 h6 8. c3 d6 9. h3 0-0 10. d4 Bd7 11. Nbd2 Re8 12. Nf1 Bf8 13. Ng3 Na5 14. Bc2 Nc4 15. b3 Nb6 16. Be3 c5 17. Rc1 Rc8 18. Nh2 Rc7 19. f4 Qc8 20. dxe5 dxe5 21. fxe5 Nh7 22. Nf3 Rc6 23. Nf5 Be6 24. Nd6 Bxd6 25. exd6 Nd7 26. e5 f6 27. Bg6 Rd8 28. Bf4 fxe5 29. Nxe5 Nxe5 30. Bxe5 Qd7 31. Qh5 Rf8 32. Qxh6 Bf5 33. Rf1 Rcc8 34. Bxf5 1-0

[Event "SVK-chT3B2 1314"]
[Site "Slovakia"]
[Date "2014.02.16"]
[Round "8.2"]
[White "Mendel, Frantisek"]
[Black "Kralik, Erik"]
[Result "1/2-1/2"]
[WhiteElo "1673"]
[BlackElo "1474"]
[PlyCount "105"]
[EventDate "2013.10.13"]
[EventType "team-tourn"]
[EventRounds "14"]
[EventCountry "SVK"]
[SourceTitle "EXT 2015"]
[Source "ChessBase"]
[SourceDate "2014.11.20"]
[SourceVersion "1"]
[SourceVersionDate "2014.11.20"]
[SourceQuality "1"]
[WhiteTeam "Lehota pod Vtacnikom"]
[BlackTeam "Povazske Podhradie SK"]
[WhiteTeamCountry "SVK"]
[BlackTeamCountry "SVK"]

1. c4 e5 2. Nc3 Nf6 3. Nf3 d6 4. h3 b6 5. d3 Bb7 6. e3 Be7 7. Be2 Nbd7 8. 0-0 0-0 9. e4 c6 10. Nh2 d5 11. cxd5 cxd5 12. exd5 Nxd5 13. Bd2 Bf6 14. Ne4 Ne7 15. Ng4 Bxe4 16. dxe4 Ng6 17. Bb4 Be7 18. Bc3 Qc7 19. Rc1 Qd8 20. Ne3 Nf6 21. Qa4 Bc5 22. Rfd1 Qe8 23. Bb5 Qe6 24. Nd5 Nxd5 25. exd5 Qf5 26. Qc2 Qg5 27. Qe2 Nf4 28. Qg4 Qxg4 29. hxg4 f6 30. b4 Bd6 31. g3 Nh3+ 32. Kg2 Ng5 33. Re1 Rac8 34. Bc6 Nf7 35. Bd2 Nd8 36. b5 Bc5 37. a4 Nxc6 38. dxc6 Rfd8 39. Bc3 Kf7 40. Rcd1 Bd6 41. Rd2 Bc7 42. Red1 Rxd2 43. Rxd2 Rd8 44. Kf3 Rxd2 45. Bxd2 Ke6 46. Ke4 g6 47. f3 f5+ 48. gxf5+ gxf5+ 49. Kd3 h5 50. Be1 Kd5 51. Bf2 e4+ 52. fxe4+ fxe4+ 53. Kc3 1/2-1/2

[Event "SVK-chT3B2 1314"]
[Site "Slovakia"]
[Date "2013.10.13"]
[Round "1.3"]
[White "Mendel, Frantisek"]
[Black "Gazik, Jakub"]
[Result "1-0"]
[WhiteElo "1673"]
[BlackElo "1504"]
[PlyCount "105"]
[EventDate "2013.10.13"]
[EventType "team-tourn"]
[EventRounds "14"]
[EventCountry "SVK"]
[SourceTitle "EXT 2015"]
[Source "ChessBase"]
[SourceDate "2014.11.20"]
[SourceVersion "1"]
[SourceVersionDate "2014.11.20"]
[SourceQuality "1"]
[WhiteTeam "Lehota pod Vtacnikom"]
[BlackTeam "Prievidza SK III"]
[WhiteTeamCountry "SVK"]
[BlackTeamCountry "SVK"]

1. e4 d5 2. exd5 Qxd5 3. Nc3 Qd6 4. Nf3 Nf6 5. d3 a6 6. h3 b5 7. a3 Bb7 8. Be2 e6 9. 0-0 Be7 10. Be3 0-0 11. b4 Nbd7 12. Nd4 Rfd8 13. Bf3 Bxf3 14. Nxf3 Nd5 15. Nxd5 exd5 16. Qd2 Bf6 17. c3 Ne5 18. Nxe5 Bxe5 19. d4 Bf6 20. Bf4 Qc6 21. Rfe1 Re8 22. Rxe8+ Rxe8 23. Re1 Rxe1+ 24. Qxe1 h6 25. Qe3 g5 26. Bg3 Kh7 27. f4 Qe6 28. Kf2 Qxe3+ 29. Kxe3 gxf4+ 30. Bxf4 Bg5 31. g3 Kg6 32. Kf3 f6 33. h4 Bxf4 34. Kxf4 h5 35. g4 c6 36. gxh5+ Kxh5 37. Kf5 Kxh4 38. Kxf6 Kg3 39. Ke5 Kf3 40. Kd6 Ke3 41. Kxc6 Kd3 42. Kxd5 Kxc3 43. Kc5 Kb3 44. d5 Kxa3 45. d6 a5 46. bxa5 b4 47. d7 b3 48. d8Q b2 49. Qb8 Ka2 50. a6 b1Q 51. Qxb1+ Kxb1 52. a7 Kc2 53. a8Q 1-0